<?xml version="1.0" encoding="UTF-8"?>
<record
    xmlns:xsi="http://www.w3.org/2001/XMLSchema-instance"
    xsi:schemaLocation="http://www.loc.gov/MARC21/slim http://www.loc.gov/standards/marcxml/schema/MARC21slim.xsd"
    xmlns="http://www.loc.gov/MARC21/slim">

  <leader>00512nam a2200181   4500</leader>
  <controlfield tag="003">SEACOMEC</controlfield>
  <controlfield tag="005">20251004121019.0</controlfield>
  <controlfield tag="008">230930b        |||||||| |||| 00| 0 eng d</controlfield>
  <datafield tag="020" ind1=" " ind2=" ">
    <subfield code="c">280.00</subfield>
    <subfield code="a">978-0070669307</subfield>
  </datafield>
  <datafield tag="040" ind1=" " ind2=" ">
    <subfield code="a">SEACOMEC</subfield>
  </datafield>
  <datafield tag="082" ind1=" " ind2=" ">
    <subfield code="a">621.3</subfield>
    <subfield code="b">C435</subfield>
  </datafield>
  <datafield tag="100" ind1=" " ind2=" ">
    <subfield code="a">Chakarborty, Abhijit </subfield>
  </datafield>
  <datafield tag="245" ind1=" " ind2=" ">
    <subfield code="a">Basic Electrical and Electronics Engineering-I </subfield>
    <subfield code="c">Abhijit Chakraborty and Sudipta nath </subfield>
  </datafield>
  <datafield tag="260" ind1=" " ind2=" ">
    <subfield code="a">New Delhi</subfield>
    <subfield code="b">TMH</subfield>
    <subfield code="c">2011</subfield>
  </datafield>
  <datafield tag="650" ind1=" " ind2=" ">
    <subfield code="a">Electrical Engineering</subfield>
  </datafield>
  <datafield tag="700" ind1=" " ind2=" ">
    <subfield code="a">Nath, Sudipta </subfield>
  </datafield>
  <datafield tag="942" ind1=" " ind2=" ">
    <subfield code="c">BBK</subfield>
  </datafield>
  <datafield tag="952" ind1=" " ind2=" ">
    <subfield code="0">0</subfield>
    <subfield code="1">0</subfield>
    <subfield code="2">ddc</subfield>
    <subfield code="4">0</subfield>
    <subfield code="7">0</subfield>
    <subfield code="a">SEACOMEC</subfield>
    <subfield code="b">SEACOMEC</subfield>
    <subfield code="d">2025-10-04</subfield>
    <subfield code="l">0</subfield>
    <subfield code="o">621.3 C435</subfield>
    <subfield code="p">BB4275</subfield>
    <subfield code="r">2025-10-04 12:12:14</subfield>
    <subfield code="w">2025-10-04</subfield>
    <subfield code="y">BBK</subfield>
  </datafield>
  <datafield tag="952" ind1=" " ind2=" ">
    <subfield code="0">0</subfield>
    <subfield code="1">0</subfield>
    <subfield code="2">ddc</subfield>
    <subfield code="4">0</subfield>
    <subfield code="7">0</subfield>
    <subfield code="a">SEACOMEC</subfield>
    <subfield code="b">SEACOMEC</subfield>
    <subfield code="d">2025-10-04</subfield>
    <subfield code="l">0</subfield>
    <subfield code="o">621.3 C435</subfield>
    <subfield code="p">BB4276</subfield>
    <subfield code="r">2025-10-04 12:12:14</subfield>
    <subfield code="w">2025-10-04</subfield>
    <subfield code="y">BBK</subfield>
  </datafield>
  <datafield tag="952" ind1=" " ind2=" ">
    <subfield code="0">0</subfield>
    <subfield code="1">0</subfield>
    <subfield code="2">ddc</subfield>
    <subfield code="4">0</subfield>
    <subfield code="7">0</subfield>
    <subfield code="a">SEACOMEC</subfield>
    <subfield code="b">SEACOMEC</subfield>
    <subfield code="d">2025-10-04</subfield>
    <subfield code="l">0</subfield>
    <subfield code="o">621.3 C435</subfield>
    <subfield code="p">BB4277</subfield>
    <subfield code="r">2025-10-04 12:12:14</subfield>
    <subfield code="w">2025-10-04</subfield>
    <subfield code="y">BBK</subfield>
  </datafield>
  <datafield tag="952" ind1=" " ind2=" ">
    <subfield code="0">0</subfield>
    <subfield code="1">0</subfield>
    <subfield code="2">ddc</subfield>
    <subfield code="4">0</subfield>
    <subfield code="7">0</subfield>
    <subfield code="a">SEACOMEC</subfield>
    <subfield code="b">SEACOMEC</subfield>
    <subfield code="d">2025-10-04</subfield>
    <subfield code="l">0</subfield>
    <subfield code="o">621.3 C435</subfield>
    <subfield code="p">BB4278</subfield>
    <subfield code="r">2025-10-04 12:12:14</subfield>
    <subfield code="w">2025-10-04</subfield>
    <subfield code="y">BBK</subfield>
  </datafield>
  <datafield tag="952" ind1=" " ind2=" ">
    <subfield code="0">0</subfield>
    <subfield code="1">0</subfield>
    <subfield code="2">ddc</subfield>
    <subfield code="4">0</subfield>
    <subfield code="7">0</subfield>
    <subfield code="a">SEACOMEC</subfield>
    <subfield code="b">SEACOMEC</subfield>
    <subfield code="d">2025-10-04</subfield>
    <subfield code="l">0</subfield>
    <subfield code="o">621.3 C435</subfield>
    <subfield code="p">BB4279</subfield>
    <subfield code="r">2025-10-04 12:12:14</subfield>
    <subfield code="w">2025-10-04</subfield>
    <subfield code="y">BBK</subfield>
  </datafield>
  <datafield tag="952" ind1=" " ind2=" ">
    <subfield code="0">0</subfield>
    <subfield code="1">0</subfield>
    <subfield code="2">ddc</subfield>
    <subfield code="4">0</subfield>
    <subfield code="7">0</subfield>
    <subfield code="a">SEACOMEC</subfield>
    <subfield code="b">SEACOMEC</subfield>
    <subfield code="d">2025-10-04</subfield>
    <subfield code="l">0</subfield>
    <subfield code="o">621.3 C435</subfield>
    <subfield code="p">BB4280</subfield>
    <subfield code="r">2025-10-04 12:12:14</subfield>
    <subfield code="w">2025-10-04</subfield>
    <subfield code="y">BBK</subfield>
  </datafield>
  <datafield tag="952" ind1=" " ind2=" ">
    <subfield code="0">0</subfield>
    <subfield code="1">0</subfield>
    <subfield code="2">ddc</subfield>
    <subfield code="4">0</subfield>
    <subfield code="7">0</subfield>
    <subfield code="a">SEACOMEC</subfield>
    <subfield code="b">SEACOMEC</subfield>
    <subfield code="d">2025-10-04</subfield>
    <subfield code="l">0</subfield>
    <subfield code="o">621.3 C435</subfield>
    <subfield code="p">BB4281</subfield>
    <subfield code="r">2025-10-04 12:12:14</subfield>
    <subfield code="w">2025-10-04</subfield>
    <subfield code="y">BBK</subfield>
  </datafield>
  <datafield tag="952" ind1=" " ind2=" ">
    <subfield code="0">0</subfield>
    <subfield code="1">0</subfield>
    <subfield code="2">ddc</subfield>
    <subfield code="4">0</subfield>
    <subfield code="7">0</subfield>
    <subfield code="a">SEACOMEC</subfield>
    <subfield code="b">SEACOMEC</subfield>
    <subfield code="d">2025-10-04</subfield>
    <subfield code="l">0</subfield>
    <subfield code="o">621.3 C435</subfield>
    <subfield code="p">BB4282</subfield>
    <subfield code="r">2025-10-04 12:12:14</subfield>
    <subfield code="w">2025-10-04</subfield>
    <subfield code="y">BBK</subfield>
  </datafield>
  <datafield tag="952" ind1=" " ind2=" ">
    <subfield code="0">0</subfield>
    <subfield code="1">0</subfield>
    <subfield code="2">ddc</subfield>
    <subfield code="4">0</subfield>
    <subfield code="7">0</subfield>
    <subfield code="a">SEACOMEC</subfield>
    <subfield code="b">SEACOMEC</subfield>
    <subfield code="d">2025-10-04</subfield>
    <subfield code="l">0</subfield>
    <subfield code="o">621.3 C435</subfield>
    <subfield code="p">BB4283</subfield>
    <subfield code="r">2025-10-04 12:12:14</subfield>
    <subfield code="w">2025-10-04</subfield>
    <subfield code="y">BBK</subfield>
  </datafield>
  <datafield tag="952" ind1=" " ind2=" ">
    <subfield code="0">0</subfield>
    <subfield code="1">0</subfield>
    <subfield code="2">ddc</subfield>
    <subfield code="4">0</subfield>
    <subfield code="7">0</subfield>
    <subfield code="a">SEACOMEC</subfield>
    <subfield code="b">SEACOMEC</subfield>
    <subfield code="d">2025-10-04</subfield>
    <subfield code="l">0</subfield>
    <subfield code="o">621.3 C435</subfield>
    <subfield code="p">BB4284</subfield>
    <subfield code="r">2025-10-04 12:12:14</subfield>
    <subfield code="w">2025-10-04</subfield>
    <subfield code="y">BBK</subfield>
  </datafield>
  <datafield tag="952" ind1=" " ind2=" ">
    <subfield code="0">0</subfield>
    <subfield code="1">0</subfield>
    <subfield code="2">ddc</subfield>
    <subfield code="4">0</subfield>
    <subfield code="7">0</subfield>
    <subfield code="a">SEACOMEC</subfield>
    <subfield code="b">SEACOMEC</subfield>
    <subfield code="d">2025-10-04</subfield>
    <subfield code="l">0</subfield>
    <subfield code="o">621.3 C435</subfield>
    <subfield code="p">BB4285</subfield>
    <subfield code="r">2025-10-04 12:12:14</subfield>
    <subfield code="w">2025-10-04</subfield>
    <subfield code="y">BBK</subfield>
  </datafield>
  <datafield tag="952" ind1=" " ind2=" ">
    <subfield code="0">0</subfield>
    <subfield code="1">0</subfield>
    <subfield code="2">ddc</subfield>
    <subfield code="4">0</subfield>
    <subfield code="7">0</subfield>
    <subfield code="a">SEACOMEC</subfield>
    <subfield code="b">SEACOMEC</subfield>
    <subfield code="d">2025-10-04</subfield>
    <subfield code="l">0</subfield>
    <subfield code="o">621.3 C435</subfield>
    <subfield code="p">BB4286</subfield>
    <subfield code="r">2025-10-04 12:12:14</subfield>
    <subfield code="w">2025-10-04</subfield>
    <subfield code="y">BBK</subfield>
  </datafield>
  <datafield tag="952" ind1=" " ind2=" ">
    <subfield code="0">0</subfield>
    <subfield code="1">0</subfield>
    <subfield code="2">ddc</subfield>
    <subfield code="4">0</subfield>
    <subfield code="7">0</subfield>
    <subfield code="a">SEACOMEC</subfield>
    <subfield code="b">SEACOMEC</subfield>
    <subfield code="d">2025-10-04</subfield>
    <subfield code="l">0</subfield>
    <subfield code="o">621.3 C435</subfield>
    <subfield code="p">BB4287</subfield>
    <subfield code="r">2025-10-04 12:12:14</subfield>
    <subfield code="w">2025-10-04</subfield>
    <subfield code="y">BBK</subfield>
  </datafield>
  <datafield tag="952" ind1=" " ind2=" ">
    <subfield code="0">0</subfield>
    <subfield code="1">0</subfield>
    <subfield code="2">ddc</subfield>
    <subfield code="4">0</subfield>
    <subfield code="7">0</subfield>
    <subfield code="a">SEACOMEC</subfield>
    <subfield code="b">SEACOMEC</subfield>
    <subfield code="d">2025-10-04</subfield>
    <subfield code="l">0</subfield>
    <subfield code="o">621.3 C435</subfield>
    <subfield code="p">BB4288</subfield>
    <subfield code="r">2025-10-04 12:12:14</subfield>
    <subfield code="w">2025-10-04</subfield>
    <subfield code="y">BBK</subfield>
  </datafield>
  <datafield tag="952" ind1=" " ind2=" ">
    <subfield code="0">0</subfield>
    <subfield code="1">0</subfield>
    <subfield code="2">ddc</subfield>
    <subfield code="4">0</subfield>
    <subfield code="7">0</subfield>
    <subfield code="a">SEACOMEC</subfield>
    <subfield code="b">SEACOMEC</subfield>
    <subfield code="d">2025-10-04</subfield>
    <subfield code="l">0</subfield>
    <subfield code="o">621.3 C435</subfield>
    <subfield code="p">BB4289</subfield>
    <subfield code="r">2025-10-04 12:12:14</subfield>
    <subfield code="w">2025-10-04</subfield>
    <subfield code="y">BBK</subfield>
  </datafield>
  <datafield tag="952" ind1=" " ind2=" ">
    <subfield code="0">0</subfield>
    <subfield code="1">0</subfield>
    <subfield code="2">ddc</subfield>
    <subfield code="4">0</subfield>
    <subfield code="7">0</subfield>
    <subfield code="a">SEACOMEC</subfield>
    <subfield code="b">SEACOMEC</subfield>
    <subfield code="d">2025-10-04</subfield>
    <subfield code="l">0</subfield>
    <subfield code="o">621.3 C435</subfield>
    <subfield code="p">BB4290</subfield>
    <subfield code="r">2025-10-04 12:12:14</subfield>
    <subfield code="w">2025-10-04</subfield>
    <subfield code="y">BBK</subfield>
  </datafield>
  <datafield tag="952" ind1=" " ind2=" ">
    <subfield code="0">0</subfield>
    <subfield code="1">0</subfield>
    <subfield code="2">ddc</subfield>
    <subfield code="4">0</subfield>
    <subfield code="7">0</subfield>
    <subfield code="a">SEACOMEC</subfield>
    <subfield code="b">SEACOMEC</subfield>
    <subfield code="d">2025-10-04</subfield>
    <subfield code="l">0</subfield>
    <subfield code="o">621.3 C435</subfield>
    <subfield code="p">BB4291</subfield>
    <subfield code="r">2025-10-04 12:12:14</subfield>
    <subfield code="w">2025-10-04</subfield>
    <subfield code="y">BBK</subfield>
  </datafield>
  <datafield tag="952" ind1=" " ind2=" ">
    <subfield code="0">0</subfield>
    <subfield code="1">0</subfield>
    <subfield code="2">ddc</subfield>
    <subfield code="4">0</subfield>
    <subfield code="7">0</subfield>
    <subfield code="a">SEACOMEC</subfield>
    <subfield code="b">SEACOMEC</subfield>
    <subfield code="d">2025-10-04</subfield>
    <subfield code="l">0</subfield>
    <subfield code="o">621.3 C435</subfield>
    <subfield code="p">BB4292</subfield>
    <subfield code="r">2025-10-04 12:12:14</subfield>
    <subfield code="w">2025-10-04</subfield>
    <subfield code="y">BBK</subfield>
  </datafield>
  <datafield tag="952" ind1=" " ind2=" ">
    <subfield code="0">0</subfield>
    <subfield code="1">0</subfield>
    <subfield code="2">ddc</subfield>
    <subfield code="4">0</subfield>
    <subfield code="7">0</subfield>
    <subfield code="a">SEACOMEC</subfield>
    <subfield code="b">SEACOMEC</subfield>
    <subfield code="d">2025-10-04</subfield>
    <subfield code="l">0</subfield>
    <subfield code="o">621.3 C435</subfield>
    <subfield code="p">BB4293</subfield>
    <subfield code="r">2025-10-04 12:12:14</subfield>
    <subfield code="w">2025-10-04</subfield>
    <subfield code="y">BBK</subfield>
  </datafield>
  <datafield tag="952" ind1=" " ind2=" ">
    <subfield code="0">0</subfield>
    <subfield code="1">0</subfield>
    <subfield code="2">ddc</subfield>
    <subfield code="4">0</subfield>
    <subfield code="7">0</subfield>
    <subfield code="a">SEACOMEC</subfield>
    <subfield code="b">SEACOMEC</subfield>
    <subfield code="d">2025-10-04</subfield>
    <subfield code="l">0</subfield>
    <subfield code="o">621.3 C435</subfield>
    <subfield code="p">BB4294</subfield>
    <subfield code="r">2025-10-04 12:12:14</subfield>
    <subfield code="w">2025-10-04</subfield>
    <subfield code="y">BBK</subfield>
  </datafield>
  <datafield tag="952" ind1=" " ind2=" ">
    <subfield code="0">0</subfield>
    <subfield code="1">0</subfield>
    <subfield code="2">ddc</subfield>
    <subfield code="4">0</subfield>
    <subfield code="7">0</subfield>
    <subfield code="a">SEACOMEC</subfield>
    <subfield code="b">SEACOMEC</subfield>
    <subfield code="d">2025-10-04</subfield>
    <subfield code="l">0</subfield>
    <subfield code="o">621.3 C435</subfield>
    <subfield code="p">BB4295</subfield>
    <subfield code="r">2025-10-04 12:12:14</subfield>
    <subfield code="w">2025-10-04</subfield>
    <subfield code="y">BBK</subfield>
  </datafield>
  <datafield tag="952" ind1=" " ind2=" ">
    <subfield code="0">0</subfield>
    <subfield code="1">0</subfield>
    <subfield code="2">ddc</subfield>
    <subfield code="4">0</subfield>
    <subfield code="7">0</subfield>
    <subfield code="a">SEACOMEC</subfield>
    <subfield code="b">SEACOMEC</subfield>
    <subfield code="d">2025-10-04</subfield>
    <subfield code="l">0</subfield>
    <subfield code="o">621.3 C435</subfield>
    <subfield code="p">BB4296</subfield>
    <subfield code="r">2025-10-04 12:12:14</subfield>
    <subfield code="w">2025-10-04</subfield>
    <subfield code="y">BBK</subfield>
  </datafield>
  <datafield tag="952" ind1=" " ind2=" ">
    <subfield code="0">0</subfield>
    <subfield code="1">0</subfield>
    <subfield code="2">ddc</subfield>
    <subfield code="4">0</subfield>
    <subfield code="7">0</subfield>
    <subfield code="a">SEACOMEC</subfield>
    <subfield code="b">SEACOMEC</subfield>
    <subfield code="d">2025-10-04</subfield>
    <subfield code="l">0</subfield>
    <subfield code="o">621.3 C435</subfield>
    <subfield code="p">BB4297</subfield>
    <subfield code="r">2025-10-04 12:12:14</subfield>
    <subfield code="w">2025-10-04</subfield>
    <subfield code="y">BBK</subfield>
  </datafield>
  <datafield tag="952" ind1=" " ind2=" ">
    <subfield code="0">0</subfield>
    <subfield code="1">0</subfield>
    <subfield code="2">ddc</subfield>
    <subfield code="4">0</subfield>
    <subfield code="7">0</subfield>
    <subfield code="a">SEACOMEC</subfield>
    <subfield code="b">SEACOMEC</subfield>
    <subfield code="d">2025-10-04</subfield>
    <subfield code="l">0</subfield>
    <subfield code="o">621.3 C435</subfield>
    <subfield code="p">BB4298</subfield>
    <subfield code="r">2025-10-04 12:12:14</subfield>
    <subfield code="w">2025-10-04</subfield>
    <subfield code="y">BBK</subfield>
  </datafield>
  <datafield tag="952" ind1=" " ind2=" ">
    <subfield code="0">0</subfield>
    <subfield code="1">0</subfield>
    <subfield code="2">ddc</subfield>
    <subfield code="4">0</subfield>
    <subfield code="7">0</subfield>
    <subfield code="a">SEACOMEC</subfield>
    <subfield code="b">SEACOMEC</subfield>
    <subfield code="d">2025-10-04</subfield>
    <subfield code="l">0</subfield>
    <subfield code="o">621.3 C435</subfield>
    <subfield code="p">BB4299</subfield>
    <subfield code="r">2025-10-04 12:12:14</subfield>
    <subfield code="w">2025-10-04</subfield>
    <subfield code="y">BBK</subfield>
  </datafield>
  <datafield tag="952" ind1=" " ind2=" ">
    <subfield code="0">0</subfield>
    <subfield code="1">0</subfield>
    <subfield code="2">ddc</subfield>
    <subfield code="4">0</subfield>
    <subfield code="7">0</subfield>
    <subfield code="a">SEACOMEC</subfield>
    <subfield code="b">SEACOMEC</subfield>
    <subfield code="d">2025-10-04</subfield>
    <subfield code="l">0</subfield>
    <subfield code="o">621.3 C435</subfield>
    <subfield code="p">BB4300</subfield>
    <subfield code="r">2025-10-04 12:12:14</subfield>
    <subfield code="w">2025-10-04</subfield>
    <subfield code="y">BBK</subfield>
  </datafield>
  <datafield tag="952" ind1=" " ind2=" ">
    <subfield code="0">0</subfield>
    <subfield code="1">0</subfield>
    <subfield code="2">ddc</subfield>
    <subfield code="4">0</subfield>
    <subfield code="7">0</subfield>
    <subfield code="a">SEACOMEC</subfield>
    <subfield code="b">SEACOMEC</subfield>
    <subfield code="d">2025-10-04</subfield>
    <subfield code="l">0</subfield>
    <subfield code="o">621.3 C435</subfield>
    <subfield code="p">BB4301</subfield>
    <subfield code="r">2025-10-04 12:12:14</subfield>
    <subfield code="w">2025-10-04</subfield>
    <subfield code="y">BBK</subfield>
  </datafield>
  <datafield tag="952" ind1=" " ind2=" ">
    <subfield code="0">0</subfield>
    <subfield code="1">0</subfield>
    <subfield code="2">ddc</subfield>
    <subfield code="4">0</subfield>
    <subfield code="7">0</subfield>
    <subfield code="a">SEACOMEC</subfield>
    <subfield code="b">SEACOMEC</subfield>
    <subfield code="d">2025-10-04</subfield>
    <subfield code="l">0</subfield>
    <subfield code="o">621.3 C435</subfield>
    <subfield code="p">BB4302</subfield>
    <subfield code="r">2025-10-04 12:12:14</subfield>
    <subfield code="w">2025-10-04</subfield>
    <subfield code="y">BBK</subfield>
  </datafield>
  <datafield tag="952" ind1=" " ind2=" ">
    <subfield code="0">0</subfield>
    <subfield code="1">0</subfield>
    <subfield code="2">ddc</subfield>
    <subfield code="4">0</subfield>
    <subfield code="7">0</subfield>
    <subfield code="a">SEACOMEC</subfield>
    <subfield code="b">SEACOMEC</subfield>
    <subfield code="d">2025-10-04</subfield>
    <subfield code="l">0</subfield>
    <subfield code="o">621.3 C435</subfield>
    <subfield code="p">BB4303</subfield>
    <subfield code="r">2025-10-04 12:12:14</subfield>
    <subfield code="w">2025-10-04</subfield>
    <subfield code="y">BBK</subfield>
  </datafield>
  <datafield tag="952" ind1=" " ind2=" ">
    <subfield code="0">0</subfield>
    <subfield code="1">0</subfield>
    <subfield code="2">ddc</subfield>
    <subfield code="4">0</subfield>
    <subfield code="7">0</subfield>
    <subfield code="a">SEACOMEC</subfield>
    <subfield code="b">SEACOMEC</subfield>
    <subfield code="d">2025-10-04</subfield>
    <subfield code="l">0</subfield>
    <subfield code="o">621.3 C435</subfield>
    <subfield code="p">BB4304</subfield>
    <subfield code="r">2025-10-04 12:12:14</subfield>
    <subfield code="w">2025-10-04</subfield>
    <subfield code="y">BBK</subfield>
  </datafield>
  <datafield tag="952" ind1=" " ind2=" ">
    <subfield code="0">0</subfield>
    <subfield code="1">0</subfield>
    <subfield code="2">ddc</subfield>
    <subfield code="4">0</subfield>
    <subfield code="7">0</subfield>
    <subfield code="a">SEACOMEC</subfield>
    <subfield code="b">SEACOMEC</subfield>
    <subfield code="d">2025-10-04</subfield>
    <subfield code="l">0</subfield>
    <subfield code="o">621.3 C435</subfield>
    <subfield code="p">BB4305</subfield>
    <subfield code="r">2025-10-04 12:12:14</subfield>
    <subfield code="w">2025-10-04</subfield>
    <subfield code="y">BBK</subfield>
  </datafield>
  <datafield tag="952" ind1=" " ind2=" ">
    <subfield code="0">0</subfield>
    <subfield code="1">0</subfield>
    <subfield code="2">ddc</subfield>
    <subfield code="4">0</subfield>
    <subfield code="7">0</subfield>
    <subfield code="a">SEACOMEC</subfield>
    <subfield code="b">SEACOMEC</subfield>
    <subfield code="d">2025-10-04</subfield>
    <subfield code="l">0</subfield>
    <subfield code="o">621.3 C435</subfield>
    <subfield code="p">BB4306</subfield>
    <subfield code="r">2025-10-04 12:12:14</subfield>
    <subfield code="w">2025-10-04</subfield>
    <subfield code="y">BBK</subfield>
  </datafield>
  <datafield tag="952" ind1=" " ind2=" ">
    <subfield code="0">0</subfield>
    <subfield code="1">0</subfield>
    <subfield code="2">ddc</subfield>
    <subfield code="4">0</subfield>
    <subfield code="7">0</subfield>
    <subfield code="a">SEACOMEC</subfield>
    <subfield code="b">SEACOMEC</subfield>
    <subfield code="d">2025-10-04</subfield>
    <subfield code="l">0</subfield>
    <subfield code="o">621.3 C435</subfield>
    <subfield code="p">BB4307</subfield>
    <subfield code="r">2025-10-04 12:12:14</subfield>
    <subfield code="w">2025-10-04</subfield>
    <subfield code="y">BBK</subfield>
  </datafield>
  <datafield tag="952" ind1=" " ind2=" ">
    <subfield code="0">0</subfield>
    <subfield code="1">0</subfield>
    <subfield code="2">ddc</subfield>
    <subfield code="4">0</subfield>
    <subfield code="7">0</subfield>
    <subfield code="a">SEACOMEC</subfield>
    <subfield code="b">SEACOMEC</subfield>
    <subfield code="d">2025-10-04</subfield>
    <subfield code="l">0</subfield>
    <subfield code="o">621.3 C435</subfield>
    <subfield code="p">BB4308</subfield>
    <subfield code="r">2025-10-04 12:12:14</subfield>
    <subfield code="w">2025-10-04</subfield>
    <subfield code="y">BBK</subfield>
  </datafield>
  <datafield tag="952" ind1=" " ind2=" ">
    <subfield code="0">0</subfield>
    <subfield code="1">0</subfield>
    <subfield code="2">ddc</subfield>
    <subfield code="4">0</subfield>
    <subfield code="7">0</subfield>
    <subfield code="a">SEACOMEC</subfield>
    <subfield code="b">SEACOMEC</subfield>
    <subfield code="d">2025-10-04</subfield>
    <subfield code="l">0</subfield>
    <subfield code="o">621.3 C435</subfield>
    <subfield code="p">BB4309</subfield>
    <subfield code="r">2025-10-04 12:12:14</subfield>
    <subfield code="w">2025-10-04</subfield>
    <subfield code="y">BBK</subfield>
  </datafield>
  <datafield tag="952" ind1=" " ind2=" ">
    <subfield code="0">0</subfield>
    <subfield code="1">0</subfield>
    <subfield code="2">ddc</subfield>
    <subfield code="4">0</subfield>
    <subfield code="7">0</subfield>
    <subfield code="a">SEACOMEC</subfield>
    <subfield code="b">SEACOMEC</subfield>
    <subfield code="d">2025-10-04</subfield>
    <subfield code="l">0</subfield>
    <subfield code="o">621.3 C435</subfield>
    <subfield code="p">BB4310</subfield>
    <subfield code="r">2025-10-04 12:12:14</subfield>
    <subfield code="w">2025-10-04</subfield>
    <subfield code="y">BBK</subfield>
  </datafield>
  <datafield tag="952" ind1=" " ind2=" ">
    <subfield code="0">0</subfield>
    <subfield code="1">0</subfield>
    <subfield code="2">ddc</subfield>
    <subfield code="4">0</subfield>
    <subfield code="7">0</subfield>
    <subfield code="a">SEACOMEC</subfield>
    <subfield code="b">SEACOMEC</subfield>
    <subfield code="d">2025-10-04</subfield>
    <subfield code="l">0</subfield>
    <subfield code="o">621.3 C435</subfield>
    <subfield code="p">BB4311</subfield>
    <subfield code="r">2025-10-04 12:12:14</subfield>
    <subfield code="w">2025-10-04</subfield>
    <subfield code="y">BBK</subfield>
  </datafield>
  <datafield tag="952" ind1=" " ind2=" ">
    <subfield code="0">0</subfield>
    <subfield code="1">0</subfield>
    <subfield code="2">ddc</subfield>
    <subfield code="4">0</subfield>
    <subfield code="7">0</subfield>
    <subfield code="a">SEACOMEC</subfield>
    <subfield code="b">SEACOMEC</subfield>
    <subfield code="d">2025-10-04</subfield>
    <subfield code="l">0</subfield>
    <subfield code="o">621.3 C435</subfield>
    <subfield code="p">BB4312</subfield>
    <subfield code="r">2025-10-04 12:12:14</subfield>
    <subfield code="w">2025-10-04</subfield>
    <subfield code="y">BBK</subfield>
  </datafield>
  <datafield tag="952" ind1=" " ind2=" ">
    <subfield code="0">0</subfield>
    <subfield code="1">0</subfield>
    <subfield code="2">ddc</subfield>
    <subfield code="4">0</subfield>
    <subfield code="7">0</subfield>
    <subfield code="a">SEACOMEC</subfield>
    <subfield code="b">SEACOMEC</subfield>
    <subfield code="d">2025-10-04</subfield>
    <subfield code="l">0</subfield>
    <subfield code="o">621.3 C435</subfield>
    <subfield code="p">BB4313</subfield>
    <subfield code="r">2025-10-04 12:12:14</subfield>
    <subfield code="w">2025-10-04</subfield>
    <subfield code="y">BBK</subfield>
  </datafield>
  <datafield tag="952" ind1=" " ind2=" ">
    <subfield code="0">0</subfield>
    <subfield code="1">0</subfield>
    <subfield code="2">ddc</subfield>
    <subfield code="4">0</subfield>
    <subfield code="7">0</subfield>
    <subfield code="a">SEACOMEC</subfield>
    <subfield code="b">SEACOMEC</subfield>
    <subfield code="d">2025-10-04</subfield>
    <subfield code="l">0</subfield>
    <subfield code="o">621.3 C435</subfield>
    <subfield code="p">BB4314</subfield>
    <subfield code="r">2025-10-04 12:12:14</subfield>
    <subfield code="w">2025-10-04</subfield>
    <subfield code="y">BBK</subfield>
  </datafield>
  <datafield tag="952" ind1=" " ind2=" ">
    <subfield code="0">0</subfield>
    <subfield code="1">0</subfield>
    <subfield code="2">ddc</subfield>
    <subfield code="4">0</subfield>
    <subfield code="7">0</subfield>
    <subfield code="a">SEACOMEC</subfield>
    <subfield code="b">SEACOMEC</subfield>
    <subfield code="d">2025-10-04</subfield>
    <subfield code="l">0</subfield>
    <subfield code="o">621.3 C435</subfield>
    <subfield code="p">BB4315</subfield>
    <subfield code="r">2025-10-04 12:12:14</subfield>
    <subfield code="w">2025-10-04</subfield>
    <subfield code="y">BBK</subfield>
  </datafield>
  <datafield tag="952" ind1=" " ind2=" ">
    <subfield code="0">0</subfield>
    <subfield code="1">0</subfield>
    <subfield code="2">ddc</subfield>
    <subfield code="4">0</subfield>
    <subfield code="7">0</subfield>
    <subfield code="a">SEACOMEC</subfield>
    <subfield code="b">SEACOMEC</subfield>
    <subfield code="d">2025-10-04</subfield>
    <subfield code="l">0</subfield>
    <subfield code="o">621.3 C435</subfield>
    <subfield code="p">BB4316</subfield>
    <subfield code="r">2025-10-04 12:12:14</subfield>
    <subfield code="w">2025-10-04</subfield>
    <subfield code="y">BBK</subfield>
  </datafield>
  <datafield tag="952" ind1=" " ind2=" ">
    <subfield code="0">0</subfield>
    <subfield code="1">0</subfield>
    <subfield code="2">ddc</subfield>
    <subfield code="4">0</subfield>
    <subfield code="7">0</subfield>
    <subfield code="a">SEACOMEC</subfield>
    <subfield code="b">SEACOMEC</subfield>
    <subfield code="d">2025-10-04</subfield>
    <subfield code="l">0</subfield>
    <subfield code="o">621.3 C435</subfield>
    <subfield code="p">BB4317</subfield>
    <subfield code="r">2025-10-04 12:12:14</subfield>
    <subfield code="w">2025-10-04</subfield>
    <subfield code="y">BBK</subfield>
  </datafield>
  <datafield tag="952" ind1=" " ind2=" ">
    <subfield code="0">0</subfield>
    <subfield code="1">0</subfield>
    <subfield code="2">ddc</subfield>
    <subfield code="4">0</subfield>
    <subfield code="7">0</subfield>
    <subfield code="a">SEACOMEC</subfield>
    <subfield code="b">SEACOMEC</subfield>
    <subfield code="d">2025-10-04</subfield>
    <subfield code="l">0</subfield>
    <subfield code="o">621.3 C435</subfield>
    <subfield code="p">BB4318</subfield>
    <subfield code="r">2025-10-04 12:12:14</subfield>
    <subfield code="w">2025-10-04</subfield>
    <subfield code="y">BBK</subfield>
  </datafield>
  <datafield tag="952" ind1=" " ind2=" ">
    <subfield code="0">0</subfield>
    <subfield code="1">0</subfield>
    <subfield code="2">ddc</subfield>
    <subfield code="4">0</subfield>
    <subfield code="7">0</subfield>
    <subfield code="a">SEACOMEC</subfield>
    <subfield code="b">SEACOMEC</subfield>
    <subfield code="d">2025-10-04</subfield>
    <subfield code="l">0</subfield>
    <subfield code="o">621.3 C435</subfield>
    <subfield code="p">BB4319</subfield>
    <subfield code="r">2025-10-04 12:12:14</subfield>
    <subfield code="w">2025-10-04</subfield>
    <subfield code="y">BBK</subfield>
  </datafield>
  <datafield tag="952" ind1=" " ind2=" ">
    <subfield code="0">0</subfield>
    <subfield code="1">0</subfield>
    <subfield code="2">ddc</subfield>
    <subfield code="4">0</subfield>
    <subfield code="7">0</subfield>
    <subfield code="a">SEACOMEC</subfield>
    <subfield code="b">SEACOMEC</subfield>
    <subfield code="d">2025-10-04</subfield>
    <subfield code="l">0</subfield>
    <subfield code="o">621.3 C435</subfield>
    <subfield code="p">BB4320</subfield>
    <subfield code="r">2025-10-04 12:12:14</subfield>
    <subfield code="w">2025-10-04</subfield>
    <subfield code="y">BBK</subfield>
  </datafield>
  <datafield tag="952" ind1=" " ind2=" ">
    <subfield code="0">0</subfield>
    <subfield code="1">0</subfield>
    <subfield code="2">ddc</subfield>
    <subfield code="4">0</subfield>
    <subfield code="7">0</subfield>
    <subfield code="a">SEACOMEC</subfield>
    <subfield code="b">SEACOMEC</subfield>
    <subfield code="d">2025-10-04</subfield>
    <subfield code="l">0</subfield>
    <subfield code="o">621.3 C435</subfield>
    <subfield code="p">BB4321</subfield>
    <subfield code="r">2025-10-04 12:12:14</subfield>
    <subfield code="w">2025-10-04</subfield>
    <subfield code="y">BBK</subfield>
  </datafield>
  <datafield tag="952" ind1=" " ind2=" ">
    <subfield code="0">0</subfield>
    <subfield code="1">0</subfield>
    <subfield code="2">ddc</subfield>
    <subfield code="4">0</subfield>
    <subfield code="7">0</subfield>
    <subfield code="a">SEACOMEC</subfield>
    <subfield code="b">SEACOMEC</subfield>
    <subfield code="d">2025-10-04</subfield>
    <subfield code="l">0</subfield>
    <subfield code="o">621.3 C435</subfield>
    <subfield code="p">BB4322</subfield>
    <subfield code="r">2025-10-04 12:12:14</subfield>
    <subfield code="w">2025-10-04</subfield>
    <subfield code="y">BBK</subfield>
  </datafield>
  <datafield tag="952" ind1=" " ind2=" ">
    <subfield code="0">0</subfield>
    <subfield code="1">0</subfield>
    <subfield code="2">ddc</subfield>
    <subfield code="4">0</subfield>
    <subfield code="7">0</subfield>
    <subfield code="a">SEACOMEC</subfield>
    <subfield code="b">SEACOMEC</subfield>
    <subfield code="d">2025-10-04</subfield>
    <subfield code="l">0</subfield>
    <subfield code="o">621.3 C435</subfield>
    <subfield code="p">BB4323</subfield>
    <subfield code="r">2025-10-04 12:12:14</subfield>
    <subfield code="w">2025-10-04</subfield>
    <subfield code="y">BBK</subfield>
  </datafield>
  <datafield tag="952" ind1=" " ind2=" ">
    <subfield code="0">0</subfield>
    <subfield code="1">0</subfield>
    <subfield code="2">ddc</subfield>
    <subfield code="4">0</subfield>
    <subfield code="7">0</subfield>
    <subfield code="a">SEACOMEC</subfield>
    <subfield code="b">SEACOMEC</subfield>
    <subfield code="d">2025-10-04</subfield>
    <subfield code="l">0</subfield>
    <subfield code="o">621.3 C435</subfield>
    <subfield code="p">BB4324</subfield>
    <subfield code="r">2025-10-04 12:12:14</subfield>
    <subfield code="w">2025-10-04</subfield>
    <subfield code="y">BBK</subfield>
  </datafield>
  <datafield tag="952" ind1=" " ind2=" ">
    <subfield code="0">0</subfield>
    <subfield code="1">0</subfield>
    <subfield code="2">ddc</subfield>
    <subfield code="4">0</subfield>
    <subfield code="7">0</subfield>
    <subfield code="a">SEACOMEC</subfield>
    <subfield code="b">SEACOMEC</subfield>
    <subfield code="d">2025-10-04</subfield>
    <subfield code="l">0</subfield>
    <subfield code="o">621.3 C435</subfield>
    <subfield code="p">BB4325</subfield>
    <subfield code="r">2025-10-04 12:12:14</subfield>
    <subfield code="w">2025-10-04</subfield>
    <subfield code="y">BBK</subfield>
  </datafield>
  <datafield tag="952" ind1=" " ind2=" ">
    <subfield code="0">0</subfield>
    <subfield code="1">0</subfield>
    <subfield code="2">ddc</subfield>
    <subfield code="4">0</subfield>
    <subfield code="7">0</subfield>
    <subfield code="a">SEACOMEC</subfield>
    <subfield code="b">SEACOMEC</subfield>
    <subfield code="d">2025-10-04</subfield>
    <subfield code="l">0</subfield>
    <subfield code="o">621.3 C435</subfield>
    <subfield code="p">BB4326</subfield>
    <subfield code="r">2025-10-04 12:12:14</subfield>
    <subfield code="w">2025-10-04</subfield>
    <subfield code="y">BBK</subfield>
  </datafield>
  <datafield tag="952" ind1=" " ind2=" ">
    <subfield code="0">0</subfield>
    <subfield code="1">0</subfield>
    <subfield code="2">ddc</subfield>
    <subfield code="4">0</subfield>
    <subfield code="7">0</subfield>
    <subfield code="a">SEACOMEC</subfield>
    <subfield code="b">SEACOMEC</subfield>
    <subfield code="d">2025-10-04</subfield>
    <subfield code="l">0</subfield>
    <subfield code="o">621.3 C435</subfield>
    <subfield code="p">BB4327</subfield>
    <subfield code="r">2025-10-04 12:12:14</subfield>
    <subfield code="w">2025-10-04</subfield>
    <subfield code="y">BBK</subfield>
  </datafield>
  <datafield tag="952" ind1=" " ind2=" ">
    <subfield code="0">0</subfield>
    <subfield code="1">0</subfield>
    <subfield code="2">ddc</subfield>
    <subfield code="4">0</subfield>
    <subfield code="7">0</subfield>
    <subfield code="a">SEACOMEC</subfield>
    <subfield code="b">SEACOMEC</subfield>
    <subfield code="d">2025-10-04</subfield>
    <subfield code="l">0</subfield>
    <subfield code="o">621.3 C435</subfield>
    <subfield code="p">BB4328</subfield>
    <subfield code="r">2025-10-04 12:12:14</subfield>
    <subfield code="w">2025-10-04</subfield>
    <subfield code="y">BBK</subfield>
  </datafield>
  <datafield tag="952" ind1=" " ind2=" ">
    <subfield code="0">0</subfield>
    <subfield code="1">0</subfield>
    <subfield code="2">ddc</subfield>
    <subfield code="4">0</subfield>
    <subfield code="7">0</subfield>
    <subfield code="a">SEACOMEC</subfield>
    <subfield code="b">SEACOMEC</subfield>
    <subfield code="d">2025-10-04</subfield>
    <subfield code="l">0</subfield>
    <subfield code="o">621.3 C435</subfield>
    <subfield code="p">BB4329</subfield>
    <subfield code="r">2025-10-04 12:12:14</subfield>
    <subfield code="w">2025-10-04</subfield>
    <subfield code="y">BBK</subfield>
  </datafield>
  <datafield tag="952" ind1=" " ind2=" ">
    <subfield code="0">0</subfield>
    <subfield code="1">0</subfield>
    <subfield code="2">ddc</subfield>
    <subfield code="4">0</subfield>
    <subfield code="7">0</subfield>
    <subfield code="a">SEACOMEC</subfield>
    <subfield code="b">SEACOMEC</subfield>
    <subfield code="d">2025-10-04</subfield>
    <subfield code="l">0</subfield>
    <subfield code="o">621.3 C435</subfield>
    <subfield code="p">BB4330</subfield>
    <subfield code="r">2025-10-04 12:12:14</subfield>
    <subfield code="w">2025-10-04</subfield>
    <subfield code="y">BBK</subfield>
  </datafield>
  <datafield tag="952" ind1=" " ind2=" ">
    <subfield code="0">0</subfield>
    <subfield code="1">0</subfield>
    <subfield code="2">ddc</subfield>
    <subfield code="4">0</subfield>
    <subfield code="7">0</subfield>
    <subfield code="a">SEACOMEC</subfield>
    <subfield code="b">SEACOMEC</subfield>
    <subfield code="d">2025-10-04</subfield>
    <subfield code="l">0</subfield>
    <subfield code="o">621.3 C435</subfield>
    <subfield code="p">BB4331</subfield>
    <subfield code="r">2025-10-04 12:12:14</subfield>
    <subfield code="w">2025-10-04</subfield>
    <subfield code="y">BBK</subfield>
  </datafield>
  <datafield tag="952" ind1=" " ind2=" ">
    <subfield code="0">0</subfield>
    <subfield code="1">0</subfield>
    <subfield code="2">ddc</subfield>
    <subfield code="4">0</subfield>
    <subfield code="7">0</subfield>
    <subfield code="a">SEACOMEC</subfield>
    <subfield code="b">SEACOMEC</subfield>
    <subfield code="d">2025-10-04</subfield>
    <subfield code="l">0</subfield>
    <subfield code="o">621.3 C435</subfield>
    <subfield code="p">BB4332</subfield>
    <subfield code="r">2025-10-04 12:12:14</subfield>
    <subfield code="w">2025-10-04</subfield>
    <subfield code="y">BBK</subfield>
  </datafield>
  <datafield tag="952" ind1=" " ind2=" ">
    <subfield code="0">0</subfield>
    <subfield code="1">0</subfield>
    <subfield code="2">ddc</subfield>
    <subfield code="4">0</subfield>
    <subfield code="7">0</subfield>
    <subfield code="a">SEACOMEC</subfield>
    <subfield code="b">SEACOMEC</subfield>
    <subfield code="d">2025-10-04</subfield>
    <subfield code="l">0</subfield>
    <subfield code="o">621.3 C435</subfield>
    <subfield code="p">BB4333</subfield>
    <subfield code="r">2025-10-04 12:12:14</subfield>
    <subfield code="w">2025-10-04</subfield>
    <subfield code="y">BBK</subfield>
  </datafield>
  <datafield tag="952" ind1=" " ind2=" ">
    <subfield code="0">0</subfield>
    <subfield code="1">0</subfield>
    <subfield code="2">ddc</subfield>
    <subfield code="4">0</subfield>
    <subfield code="7">0</subfield>
    <subfield code="a">SEACOMEC</subfield>
    <subfield code="b">SEACOMEC</subfield>
    <subfield code="d">2025-10-04</subfield>
    <subfield code="l">0</subfield>
    <subfield code="o">621.3 C435</subfield>
    <subfield code="p">BB4334</subfield>
    <subfield code="r">2025-10-04 12:12:14</subfield>
    <subfield code="w">2025-10-04</subfield>
    <subfield code="y">BBK</subfield>
  </datafield>
  <datafield tag="999" ind1=" " ind2=" ">
    <subfield code="c">32</subfield>
    <subfield code="d">32</subfield>
  </datafield>
</record>
